000 00894nam a2200289Ia 4500
001 Para_7872
003 CHAP
008 220125s1916 xx 000 0 und d
010 _a206821
040 _cCHAP
082 _aPA-C 595.75 H4
100 _aOsborn, Herbert
_984164
245 _aStudies of life histories of leafhoppers of Maine /
_c by Herbert Osborn
260 _aMaine :
_b Agricultural Experiment Station,
300 _a54-80 p.
440 _aHemiptera; 7
_9173132
500 _aBulletin ; 248 Encuadernado con otros impresos similares
650 _a
_x Hemípteros
_x colecciones de escritos /
_x Leafhopper
_9173133
710 _aMaine Agr. Exp. Sta. Bull.; 248
_9173134
901 _aPA-C 595.75 H4
902 _aA
905 _a0000001916 0000000000 00
910 _a1916
942 _cPARA
942 _cPARA
_d1
999 _c206821
_d206821